| 000 | 00692nam a2200217 a 4500 | ||
|---|---|---|---|
| 001 | BRCA_7426 | ||
| 005 | 20190320205830.0 | ||
| 008 | 040413s1908----mx-a######---#000-0#spa-# | ||
| 041 | _aspa | ||
| 044 | _amx | ||
| 050 | 4 |
_aF1219.1.V4 _b.B38 1908 |
|
| 100 | 1 |
_aBatres, Leopoldo _918301 |
|
| 245 | 1 | 0 |
_aCivilización prehistórica de las riberas del Papaloapan y costa de Sotavento, Edo. de Veracruz _cpor Leopoldo Batres. |
| 260 |
_aMéxico _bImp. de Buznego y Leon _c1908 |
||
| 300 |
_a6 p. _bil., 58 láminas |
||
| 500 | _aQ162 | ||
| 610 | 2 | 4 |
_aPapaloapan, Cuenca del _xAntigüedades _918302 |
| 651 | 4 |
_aVeracruz (Estado) _xAntigüedades _zMéxico _918303 |
|
| 902 | _aGFM | ||
| 942 |
_2lcc _cB |
||
| 999 |
_c7102 _d7102 |
||